| 000 | 00399nam a22001697a 4500 | ||
|---|---|---|---|
| 005 | 20160701111956.0 | ||
| 008 | 160701b xxu||||| |||| 00| 0 eng d | ||
| 020 | _a978-81-7956-149-2 | ||
| 041 | _aeng | ||
| 082 | _b20300 | ||
| 100 |
_akaku LC _93371 |
||
| 245 | _aA study of CEA regulation 2010 | ||
| 260 | _blovely Prakash | ||
| 300 | _a136 | ||
| 650 |
_aDiploma Engineering _9817 |
||
| 942 | _cBK | ||
| 999 |
_c5039 _d5037 |
||